Technológie, stroje a zariadenia na triedenie tuhých materiálov (Technologies, machines and mechanism for separa-tion of tough material) [CD-ROM] : Bakalárska práca
Gespeichert in:
| 1. Verfasser: | |
|---|---|
| Weitere Verfasser: | , |
| Format: | Manuskript Buch |
| Sprache: | Slowakisch |
| Veröffentlicht: |
Bratislava :
STU v Bratislave SjF,
2008
|
| Ausgabe: | 1.vyd. |
| Schlagworte: | |
| Tags: |
Keine Tags, Fügen Sie das erste Tag hinzu!
|
MARC
| LEADER | 00000ntm a22000003a 4500 | ||
|---|---|---|---|
| 001 | stu177088 | ||
| 005 | 20150617230044.1 | ||
| 008 | 081210s2008----xo------------------slo-d | ||
| 040 | |a STU |b slo | ||
| 041 | 0 | |a slo | |
| 044 | |a xo | ||
| 100 | 1 | |a Pásztor, Erik, |d 1987- |4 aut |u J0070 |9 100 |U SjF Strojnícka fakulta |T SjF Ústav výrobných systémov, enviromentálnej techniky a manažment kvality |X 40768 |U J0070 |Y 804 |7 A000040768 | |
| 245 | 1 | |a Technológie, stroje a zariadenia na triedenie tuhých materiálov (Technologies, machines and mechanism for separa-tion of tough material) [CD-ROM] : |b Bakalárska práca | |
| 250 | |a 1.vyd. | ||
| 260 | |a Bratislava : |b STU v Bratislave SjF, |c 2008 | ||
| 300 | |a 57 s | ||
| 650 | 7 | |a technológia triedenia |2 stusub | |
| 650 | 7 | |a triediace stroje |2 stusub | |
| 650 | 7 | |a separation technology |2 estusub | |
| 650 | 7 | |a separation machines |2 estusub | |
| 700 | 1 | |a Križan, Peter, |d 1980- |4 xxx |u J0070 |U SjF Strojnícka fakulta |T SjF Ústav výrobných systémov, enviromentálnej techniky a manažment kvality |X 38318 |U J0070 |Y 804 |7 A000038318 | |
| 700 | 1 | |a Letko, Martin, |d 1977- |4 opn |u J0070 |U SjF Strojnícka fakulta |T SjF Ústav výrobných systémov, enviromentálnej techniky a manažment kvality |X 3218 |U J0070 |Y 804 |7 A000003218 | |
| 996 | |b 284J035088 |c J*88/BP |l JJSK |s A |a 24 |w stu177088_0001 | ||